000 00443nam a2200169Ia 4500
008 241115s9999 xx 000 0 und d
020 _aNA
082 _a672.1382 TOM
100 _aTomasi, Wayne
245 0 _aAdvanced Electronic Communications Systems
250 _a4th ed.
260 _aNew Jersey:
_bPrintice Hall,
_c1998
300 _axii,413p.
600 _aElectrical Engineering
650 _aElectrical Engineering
942 _cBBD
999 _c24619
_d24619